000 00714nam a2200205 i 4500
001 115856
003 ES-MaACL
005 20251014063148.0
007 t|
008 061121s1960 sp r ||||1| spa d
100 1 _aOrs, Álvaro d',
_d1915-2004
_9139081
245 1 3 _aLa libertad /
_cAlvaro d'Ors.
260 _aFerrol :
_b[s.n.],
_c1960 (
_fImp. La Latina)
300 _a31 p. ;
_c14 cm.
490 1 _aPublicaciones del Instituto Nacional de Enseñanza Media de El Ferrol del Caudillo
650 0 4 _aLibertad.
_914400
830 0 _aPublicaciones del Instituto Nacional de Enseñanza Media de El Ferrol del Caudillo
_9233279
852 _aES-MaACL
_j1956-F-15
_bR.47408
999 _c115856
_d115856